Congress and civil society : how legislators can champion civic renewal in their districts /
Saved in:
| Main Author: | |
|---|---|
| Corporate Author: | |
| Format: | Book |
| Language: | English |
| Published: |
Washington, D.C. :
Heritage Foundation,
c1998.
|
| Subjects: | |
| Tags: |
Add Tag
No Tags, Be the first to tag this record!
|
| LEADER | 00914cam a2200265Ia 4500 | ||
|---|---|---|---|
| 001 | 007729862-4 | ||
| 005 | 20020606104010.5 | ||
| 008 | 980518s1998 dcu 000 0 eng d | ||
| 020 | |a 0891950710 | ||
| 035 | 0 | |a ocm39138759 | |
| 040 | |a OSU |c OSU |d UIU |d KSG | ||
| 043 | |a n-us--- | ||
| 050 | 4 | |a JF1059.U6 |b L37 1998 | |
| 090 | |a JF1059.U6 |b L37 1998 | ||
| 100 | 1 | |a Lassiter, April. | |
| 245 | 1 | 0 | |a Congress and civil society : |b how legislators can champion civic renewal in their districts / |c by April Lassiter. |
| 260 | |a Washington, D.C. : |b Heritage Foundation, |c c1998. | ||
| 300 | |a iv, 79 p. : |b ill. ; |c 23 cm. | ||
| 504 | |a Includes bibliographical references and index. | ||
| 650 | 0 | |a Representative government and representation |z United States. | |
| 650 | 0 | |a Political participation |z United States. | |
| 650 | 0 | |a Democracy. | |
| 710 | 2 | |a Heritage Foundation (Washington, D.C.) | |
| 988 | |a 20020608 | ||
| 906 | |0 OCLC | ||


